LEADER 01029nam a2200229 i 4500 001 000000160217 003 CaOOAMICUS 005 20070315000000.0 008 070315s1996 it u000 u ita u 013 $a137580 040 $aSeMil$bita 100 1 $aMartini, Carlo Maria,$c.$0(OLS)http://semarc/name/89159 245 10$aFrancesco d'Assisi icona luminosa del Vangelo /$cC.M. Martini, Roberto Formigoni. 260 $aMilano :$bEdizioni Biblioteca Francescana,$ccopyr. 1996. 300 $a32 p. ;$c19 cm. 600 04$aFrancesco : d'Assisi .$0(OLS)http://semarc/subject/1416 700 1 $aFormigoni, Roberto.$0(OLS)http://semarc/name/42168 850 $aSeMil 852 $aSeMil$W1$xVenegono$y1$m5B III 34/5$j111693$B111693$CSeMilBibl$Z2$F121945 $81 961 $aRecupero: Altro 996 $6245$aFrancesco d'Assisi icona luminosa del Vangelo$9(OLS)http://semarc/title/142699 996 $6260$aMilano :$bEdizioni Biblioteca Francescana$9(OLS)http://semarc/publisher/29947 LEADER 01616nam a2200301 i 4500 001 000000055402 003 CaOOAMICUS 005 20060810000000.0 008 060810s1997 xx u000 u fre u 013 $a26574 020 $a2-85021-099-4 040 $aSeMil$bita 100 1 $aDonegani, Isabelle <1961->.$0(OLS)http://semarc/name/4972 245 10$a"A cause de la Parole de Dieu et du témoignage de Jésus..." :$ble témoignage selon l'Apocalypse de Jean : son enracinement extrabiblique et biblique. Sa force comme parole de sens /$cpar Isabelle Donegani. 260 $aParis :$bGabalda,$c1997. 260 $aParis :$bLecoffre,$c1997. 300 $aXI, 578 p. ;$c24 cm. 490 0 $aÉtudes bibliques. Nouvelle série [Lecoffre] ;$v36 500 $aContiene : Bibliographie. 650 4$aBibbia. Nuovo Testamento. Apocalisse - Commentari, studi, critica, interpretazioni.$0(OLS)http://semarc/subject/1763 830 0$aÉtudes bibliques. Nouvelle série [Gabalda ; Peeters] ;$v36.$0(OLS)http://semarc/title/275 850 $aSeMil 852 $aSeMil$W1$xVenegono$y1$m2Y IV 180$j21556$B21556$CSeMilBibl$Z2$F21558 $81 961 $aAcquisto: Casa editrice 996 $6020$a2-85021-099-4$9(OLS)http://semarc/number/30456 996 $6245$a"A cause de la Parole de Dieu et du témoignage de Jésus..." :$ble témoignage selon l'Apocalypse de Jean : son enracinement extrabiblique et biblique. Sa force comme parole de sens$9(OLS)http://semarc/title/85900 996 $6260$aParis :$bLecoffre$9(OLS)http://semarc/publisher/29623 996 $6260$aParis :$bGabalda$9(OLS)http://semarc/publisher/29624